| 000 | 00746nam a2200205 a 4500 | ||
|---|---|---|---|
| 001 | 000026904 | ||
| 003 | OSt | ||
| 005 | 20201202104057.0 | ||
| 008 | 110328s1987 dr a 000 0 spa d | ||
| 040 |
_aDO-SdBNP _bspa _cBNPHU |
||
| 049 | _aBNPD | ||
| 082 |
_axxxx _bR426a |
||
| 110 | 1 |
_aSecretaria de Estado de Agricultura. _bSub-Secretaria de Recursos Naturales. _bDepartamento de Vida Silvestre. _bDepartamento de Educación Ambiental _954012 |
|
| 245 | 1 | 0 |
_aAnimales protegidos / _cprólogo Juan Pablo Pujals Nolasco. |
| 260 |
_aSanto Domingo : _bSecretaria de Estado de Agricultura _c1987. |
||
| 300 |
_a108 p. : _bil. ; _c21 cm. |
||
| 504 | _aBibliografía : p. 111 | ||
| 700 | 1 |
_aPujals Nolasco, Juan Pablo, _epról. _936977 |
|
| 942 |
_2ddc _cLBS1 |
||
| 999 |
_c26396 _d26396 |
||